Jenifer - son parcours - Statistiques

Statistiques générales
  • Ce quiz a été pris 193 fois
  • Le résultat moyen est 46 sur 136
Statistiques - réponses
Hint Réponse % Correct
Emission qu'elle a gagnée Star Academy
100%
Nombre d'albums 8
96%
Au soleil
94%
Nom de famille Bartoli
94%
Son nombre de saisons de The Voice 6
88%
Son nombre de saisons The Voice Kids 7
87%
Nom du premier album Jenifer
82%
Nombre de participations aux Enfoirés 18
76%
J'attends l'amour
73%
Ma révolution
73%
Nom du second album Le passage
69%
Nom du troisième album Lunatique
67%
Donne-moi le temps
65%
Nom du cinquième album L'amour et moi
65%
Nom du huitième album Nouvelle Page
65%
Nom du septième album Paradis secret
65%
Nom du quatrième album Appelle-moi Jen
64%
Notre idylle
63%
Tourner ma page
57%
Des mots qui résonnent
54%
Je danse
52%
C'est de l'or
50%
Les choses simples
50%
Sur le fil
48%
Comme c'est bon
45%
Comme un hic
45%
Encore et encore
43%
Les jours électriques
43%
2017 Tous en scène
43%
2017 Faut pas lui dire
42%
Serre-moi
42%
2014 Les Francis
41%
Je garde
39%
Le souvenir de ce jour
39%
2015 Maya l'Abeille
39%
Poupée de cire poupée de son
38%
Hey Jen
37%
Nom du sixième album Ma déclaration
37%
Si c'est une île
36%
2018 Traqués
36%
Derrière les soleils
35%
Pour toi
33%
Ose
32%
Evidemment
30%
Mademoiselle fume
30%
Que reste-t-il?
30%
Reste
30%
Comme un yoyo
29%
De vous à moi
29%
Maintenant
28%
L'amour.0
27%
L'amour fou
27%
L'envers du paradis
27%
Le parfum
27%
Les autocollants
27%
2019 Le temps est assassin
27%
Mourir dans tes yeux
27%
Nos points communs
27%
On oublie le reste
27%
2019 Playmobil
27%
Post mélancolie
27%
Résiste
27%
Respire
27%
Un petit tour
27%
Appelle la police mon amour
26%
Baby blues
26%
Ella elle l'a
26%
J'en ai assez
26%
Touche-moi
26%
Chou boup
25%
Des je t'aime qui se perdent
25%
Orage en vue
25%
A peine
24%
Nos futurs
24%
Celle que tu vois
23%
Je ne pourrai plus aimer
23%
La déclaration
23%
Aujourd'hui
22%
Diego libre dans sa tête
22%
Là où tu rêves
22%
Lunatique Lunatique Tour
22%
Mystère
22%
Nostalgique d'hier
22%
Pole Dance
22%
Pour nous retrouver
22%
Secrets Défenses
22%
Ca balance pas mal à Paris
21%
Entre humains
21%
Y'a pas Jen
21%
Attention douleur fraîche
20%
Des idylles
20%
Paradis Secret Paradis Secret Tour
20%
Prisonnière
20%
Besoin d'air
19%
Est-ce que tu m'aimes
19%
Hello
19%
La vérité
19%
Le risque
19%
L'été qui s'en va
19%
Quitte à se quitter
19%
Si maman si
19%
Appelle-moi Jen Appelle-moi Jen Tour
18%
Le bonheur me va au teint
18%
Portrait d'une femme heureuse
18%
Viens me voir
18%
Amour disparate
17%
L'altitude
17%
Le dos tourné
17%
Mes nuits
17%
Pas que ça à faire
17%
Tout toi
17%
Besoin d'amour
16%
Folle et amoureuse
16%
Laisse tomber les filles
16%
Mal lunée
16%
2018 Maya l'Abeille 2
16%
Message personnel
16%
Nouvelle Page Nouvelle Page 2 Tournées
16%
Ton absence
16%
Tu ne dis rien
16%
Ca se pointe
15%
2006 Nos voisins les hommes
15%
Sans penser à demain
15%
Jenifer Tournée Jenifer
15%
Le Passage Tournée Le Passage
15%
Tout devient possible
15%
Un surrisu hè natu
15%
Comment lui dire
14%
Trop de toi
13%
Dernier cri
12%
Une vie périlleuse
12%
L'amour et moi Jenifer Tournée 2013
6%
Aucun quiz correspondant
Distribution des résultats
% des personnes avec chaque résultat
Percentile par nombre de réponses
Votre historique - résultats
Vous n’avez pas pris ce quiz